Statistics for Minecraft Mobs - Revamp

Click here to take the quiz!

General Stats

  • This quiz has been taken 5 times
  • The average score is 34 of 76

Answer Stats

TypeAnswer% Correct
HostileBlaze
80%
PassiveCat
80%
BossEnder Dragon
80%
NeutralEnderman
80%
PassivePig
80%
HostileSkeleton
80%
HostileWarden
80%
NeutralWolf
80%
HostileZombie
80%
PassiveChicken
60%
PassiveCod
60%
PassiveCow
60%
HostileCreeper
60%
HostileEvoker
60%
HostileHoglin
60%
HostileMagma Cube
60%
PassiveOcelot
60%
PassiveParrot
60%
NeutralPiglin
60%
HostilePillager
60%
PassivePufferfish
60%
PassiveSheep
60%
PassiveSkeleton Horse
60%
PassiveVillager
60%
PassiveWandering Trader
60%
HostileWitch
60%
BossWither
60%
HostileWither Skeleton
60%
NeutralZombified Piglin
60%
PassiveAllay
40%
PassiveBat
40%
NeutralBee
40%
NeutralDolphin
40%
PassiveDonkey
40%
HostileDrowned
40%
HostileEndermite
40%
PassiveFox
40%
PassiveFrog
40%
HostileGhast
40%
PassiveGlow Squid
40%
PassiveHorse
40%
HostileHusk
40%
NeutralLlama
40%
PassiveMule
40%
HostilePiglin Brute
40%
PassiveRabbit
40%
HostileRavager
40%
PassiveSalmon
40%
HostileShulker
40%
HostileSlime
40%
NeutralSpider
40%
PassiveSquid
40%
HostileStray
40%
PassiveStrider
40%
PassiveTropical Fish
40%
HostileVex
40%
HostileVindicator
40%
HostileZoglin
40%
PassiveAxolotl
20%
PassiveCamel
20%
NeutralCave Spider
20%
HostileElder Guardian
20%
NeutralGoat
20%
HostileGuardian
20%
PassiveIron Golem
20%
NeutralPanda
20%
HostilePhantom
20%
NeutralPolar Bear
20%
HostileSilverfish
20%
PassiveSniffer
20%
PassiveSnow Golem
20%
PassiveTrader Llama
20%
PassiveTurtle
20%
HostileZombie Villager
20%
PassiveMooshroom
0%
PassiveTadpole
0%

Score Distribution

Percentile by Number Answered

Percent of People with Each Score

Your Score History

You have not taken this quiz